Latina a řečtina na střední škole : příspěvek k diskussi : přednáška, kterou konal ve Filosofické jednotě 4. a 11. února 1919 PhDr. František Novotný

Hlavní autor: Novotný, František, 1881-1964
Jazyk: Čeština
Vydáno: Praha : B. Kočí, [1919]
Edice: Umělecké snahy (B. Kočí)
Fyzický popis: 40 s. ; 8°
Knihy
Uloženo v:
LEADER 00806nam a22002172a 4500
001 000771075
003 CZ BrMZK
005 20080520150146.0
007 ta
008 050419s1919 xr er|||||||||||cze d
040 |a ABA001  |b cze  |c CBA001  |d ABA001 
100 1 |a Novotný, František,  |d 1881-1964  |7 jk01090667  |4 aut 
245 1 0 |a Latina a řečtina na střední škole :  |b příspěvek k diskussi : přednáška, kterou konal ve Filosofické jednotě 4. a 11. února 1919 PhDr. František Novotný 
260 |a Praha :  |b B. Kočí,  |c [1919] 
300 |a 40 s. ;  |c 8° 
490 1 |a Umělecké snahy ;  |v 179 
830 0 |a Umělecké snahy (B. Kočí)  |0 s 
910 |a BOA001  |b PK-I-0000.106 
990 |a BK 
993 |a Y 
996 7 |b 3119678019  |c PK-I-0000.106  |l MZK  |r Sklad / do 1 hodiny  |n 1  |w 000771075  |u 000010  |a 1  |e BOA001  |j MZK50  |s A